Chendershekher sanwad do rachanatmak beichenee main (Record no. 439190)

000 -LEADER
fixed length control field 00401cam a22001337a 4500
008 - FIXED-LENGTH DATA ELEMENTS--GENERAL INFORMATION
fixed length control field 180718b2002 xxu||||| |||| 00| 0 eng d
020 ## - INTERNATIONAL STANDARD BOOK NUMBER
International Standard Book Number 81 267 0466 7
100 ## - MAIN ENTRY--PERSONAL NAME
Personal name Chendershekher
245 ## - TITLE STATEMENT
Title Chendershekher sanwad do rachanatmak beichenee main
Statement of responsibility, etc. by Chendershekher; edited by Harivansh
260 ## - PUBLICATION, DISTRIBUTION, ETC.
Place of publication, distribution, etc. Patna
Name of publisher, distributor, etc. Vani Prakashan
Date of publication, distribution, etc. 2002
300 ## - PHYSICAL DESCRIPTION
Extent 218p.
650 ## - SUBJECT ADDED ENTRY--TOPICAL TERM
Topical term or geographic name entry element Chendershekher
700 ## - ADDED ENTRY--PERSONAL NAME
Personal name Harivansh
Holdings
Withdrawn status Lost status Damaged status Not for loan Permanent Location Current Location Date acquired Barcode Date last seen Price effective from Koha item type
        Indian Institute of Public Administration Indian Institute of Public Administration 2010-04-24 77510 2018-07-21 2018-07-21 Book

Powered by Koha